Ville de Scandinavie valide par lettres - Statistiques

Statistiques générales
  • Ce quiz a été pris 80 fois
  • Le résultat moyen est 10 sur 21
Statistiques - réponses
Lettre Réponse % Correct
O Oslo / Oulu / Odense / Ostersund / Os / Orebro
97%
S Stockholm / Solna / Sodertalje / Sundsvall / Silkeborg / Stavanger
93%
H Helsingborg / Horten / Halden / Hyvinkaa / Harstad / Helsinki / Hämeenlinna
90%
C Copenhague
89%
B Bergen / Bodo / Boras
84%
M Malmö / Molde / Mo i Rana
82%
G Göteborg / Gjovik / Gävle
74%
A Askoy / Alta / Aarhus / Aalborg
70%
T Tromso / Trondheim / Tampere / Turku
66%
L Lund / Lillehammer / Linköping / Lulea / Larvik
52%
U Umea / Uppsala
47%
R Roskilde / Rovaniemi / Randers
38%
V Vadso / Visby / Vasteras / Vaasa
33%
N Norrköping / Narvik
32%
E Elverum / Espoo / Esbjerg
26%
K Kristiansund / Kristiansand / Kuopio / Kalmar / Kokkola / Kotka / Kongsberg / Kolding
25%
J Jonköping / Jyväskylä / Joensuu
22%
F Falun
10%
D Drobak / Drammen
7%
Y Ystad
7%
P Pori / Porvoo
4%
Aucun quiz correspondant
Distribution des résultats
% des personnes avec chaque résultat
Percentile par nombre de réponses
Votre historique - résultats
Vous n’avez pas pris ce quiz